003630000a2200145000450000500170000010000220001724500260003926000680006530000100013304000080014336500090015165000150016065000170017565000250019220120302055130.0 a Deshpande,Di.Ya. a Niteeshastra Prashna aAurangabad:Maharashtra Vidyapeetha Granth Nirmitee Mandal,1987. a122p. aMAR b35/- aTatvadnyan aNiteeshastra aNaitika Swaarthawaad